000 01148nam a22003017a 4500
001 7469
003 FISKH
005 20250828153517.0
008 250717b cb ||||| |||| 00| 0 eng d
020 _a9780545515740
040 _aFISKH
_beng
_cFISKH
_dFISKH
050 _aSF416.K525
082 _a636.7
100 _aFourth Grade Students
245 _aA kid for Jack :
_bA true story /
_cWritten and illustrated by Fourth Grade Studens of Piney Grove Elementary in Kernersville, NC
250 _aFirst printing, July 2012
260 _aNew York :
_bScholastic,
_c2012.
300 _a28 pages :
_bcolor illustrations ;
_c26 cm .
505 _aH
520 _aAdults and kids alike will fall in love with Jack in this touching true story of one dog's journey to find a family of his own. Through a series of lucky and some not-so-lucky events, Jack overcomes his past and finds a bright new future.
521 8 _a400
_bLexile estimate
521 8 _aH
_bRaz-Plus
650 _aDog adoption
_vFiction
650 _aFamily
_vFiction
700 _aHenderson, Bill
_eCover designer
942 _2ddc
_cBK
_n0
999 _c7469
_d7469